České vozidlo VEGA

Bibliographic Details
Main Author: Kment, Roman (Author)
Format: Article
Language:Slovak
PhysicalDescription:Fotogr., tab.
ISSN:1313-1910
Subjects:
Online Access:http://www.mosr.sk/data/files/2423.pdf

MARC

LEADER 00000nab a2200000 a 4500
001 vtls010284276
003 SK-MaSNL
005 20260304160637.0
008 250507 2011 xo m 000 0 slo
015 |a SNBRB2011/06  |2 lmaosk 
035 |a urn:nbn:sk:snk-ab83er 
035 |a (urnnbn)urn:nbn:sk:snk:ar-0067kc 
035 |a (uuid)5babae39-2888-4fbf-b74f-4b624a7939a2 
040 |a SNKBUCL  |b slo  |c SNKBUCL  |e AACR2 
041 0 |a slo 
044 |a xo  |c SK 
080 |a 623  |2 2001 
080 |a 623.438  |2 2001 
100 1 |a Kment, Roman  |4 aut  |9 267467 
245 1 0 |a České vozidlo VEGA  |c Roman Kment 
300 |b Fotogr., tab. 
500 |a Obsahuje technické charakteristiky VEGA 4x4 
650 0 7 |a vojenská technika  |2 lmaosk  |9 29297 
650 0 7 |a VEGA (obrnené vozidlo)  |2 lmaosk  |9 1267633 
650 0 7 |a vojenské vozidlá  |2 lmaosk  |9 71081 
650 0 7 |a obrnené vozidlá  |2 lmaosk  |9 73553 
651 7 |a Česko  |2 lmaosk  |9 16753 
773 0 |t Obrana  |g Roč. XIX, č. 5 (2011), s. 20-21  |x 1313-1910 
850 |a Slovenská národná knižnica 
852 |a Slovenská národná knižnica 
856 4 1 |u http://www.mosr.sk/data/files/2423.pdf 
954 |a odborná, vedecká literatúra pôvodná (slovenská)  |2 lita 
958 |a article9 
958 |a NB 
958 |a OND 
958 |a EUIPO 
999 |c 2968146  |d 2970076